Laporan tahunan = 2014.
| Corporate Author: | |
|---|---|
| Format: | Book |
| Published: |
Kuala Lumpur:
MATRADE,
2015.
|
| Subjects: |
| LEADER | 00469cam a2200133 7i4500 | ||
|---|---|---|---|
| 001 | 0000033058 | ||
| 005 | 20160108090000.0 | ||
| 090 | 0 | 0 | |a MAT 380.1 |b MAL |
| 110 | 2 | 0 | |a Malaysia External Trade Development Corporation (MATRADE) |
| 245 | 2 | 0 | |a Laporan tahunan = |l Annual report MATRADE : |b 2014. |
| 260 | 0 | 0 | |a Kuala Lumpur: |b MATRADE, |c 2015. |
| 300 | # | # | |a 153 pages. |
| 650 | 0 | 0 | |a MATRADE -- |x Annual report -- |z Malaysia |
| 999 | |a 0000037250 |b Book |c MATRADEs Collection |e Business Information Centre | ||